<?xml version="1.0" encoding="UTF-8"?><?xml-stylesheet type="text/xsl" href="static/style.xsl"?><OAI-PMH xmlns="http://www.openarchives.org/OAI/2.0/" xmlns:xsi="http://www.w3.org/2001/XMLSchema-instance" xsi:schemaLocation="http://www.openarchives.org/OAI/2.0/ http://www.openarchives.org/OAI/2.0/OAI-PMH.xsd"><responseDate>2026-06-02T11:54:20Z</responseDate><request verb="GetRecord" identifier="oai:riuma.uma.es:10630/7548" metadataPrefix="marc">https://riuma.uma.es/rest/oai/request</request><GetRecord><record><header><identifier>oai:riuma.uma.es:10630/7548</identifier><datestamp>2026-02-03T12:55:20Z</datestamp><setSpec>com_10630_5368</setSpec><setSpec>com_10630_3139</setSpec><setSpec>com_10630_10</setSpec><setSpec>col_10630_7537</setSpec></header><metadata><record xmlns="http://www.loc.gov/MARC21/slim" xmlns:dcterms="http://purl.org/dc/terms/" xmlns:doc="http://www.lyncode.com/xoai" xmlns:xsi="http://www.w3.org/2001/XMLSchema-instance" xsi:schemaLocation="http://www.loc.gov/MARC21/slim http://www.loc.gov/standards/marcxml/schema/MARC21slim.xsd">
   <leader>00925njm 22002777a 4500</leader>
   <datafield ind2=" " ind1=" " tag="042">
      <subfield code="a">dc</subfield>
   </datafield>
   <datafield ind2=" " ind1=" " tag="720">
      <subfield code="a">Lagardera, F.</subfield>
      <subfield code="e">author</subfield>
   </datafield>
   <datafield ind2=" " ind1=" " tag="720">
      <subfield code="a">Masciano, A.</subfield>
      <subfield code="e">author</subfield>
   </datafield>
   <datafield ind2=" " ind1=" " tag="260">
      <subfield code="c">2014</subfield>
   </datafield>
   <datafield ind2=" " ind1=" " tag="520">
      <subfield code="a">Comienza el trabajo con una descripción del actual panorama de la Educación Física y sus dificultades para incorporar un aprendizaje sensitivo basado en las conductas motrices, como ya pregonaban históricamente algunos grandes.&#xd;
Se propone colocar a la persona como el objeto central de la acción educativa, considerando al sujeto inmerso en su totalidad y realidad.&#xd;
Presentando desde su esencia el método MOVITRANSFER, que quiere decir motricidades a la vida transferibles y que fue creado tras un importante trabajo de investigación, por el profesor de Educación Física Argentino Alberto Masciano en el Gimnasio Olimpia de Chivilcoy (Argentina).&#xd;
En el aparecen la singularidad, la significación, la interacción motriz, la percepción consciente de sí mismo, las tareas motrices por estaciones, y el Gimnasio como laboratorio Motriz.&#xd;
Al finalizar se refuerza la idea con testimonios muy interesantes de los auténticos protagonistas.</subfield>
   </datafield>
   <datafield ind1="8" ind2=" " tag="024">
      <subfield code="a">2255-0461</subfield>
   </datafield>
   <datafield ind1="8" ind2=" " tag="024">
      <subfield code="a">http://hdl.handle.net/10630/7548</subfield>
   </datafield>
   <datafield tag="653" ind2=" " ind1=" ">
      <subfield code="a">Educación física para niños</subfield>
   </datafield>
   <datafield ind2="0" ind1="0" tag="245">
      <subfield code="a">Un rayo de luz en el lado oculto de la educación física. La pedagogía  de las conductas motrices en el gimnasio Olimpia de Chivilcoy</subfield>
   </datafield>
</record>
</metadata></record></GetRecord></OAI-PMH>